MARC

LEADER 00000nam0a2200000 4500
001 203448
005 20231031185630.0
035 |a (RuTPU)RU\TPU\book\221704 
090 |a 203448 
100 |a 20111108d1967 k y0rusy50 ca 
101 0 |a rus 
102 |a RU 
105 |a a z 101zy 
200 1 |a Нуклеиновые кислоты и биологическое действие ионизирующей радиации  |e материалы симпозиума, 9-11 декабря 1965 г. г. Москва  |f Академия наук СССР (АН СССР); под ред. А. М. Кузина 
210 |a Москва  |c Наука  |d 1967 
215 |a 199 с.  |c ил. 
320 |a Библиогр. в конце докладов. 
610 1 |a нуклеиновые кислоты 
610 1 |a биологическое действие 
610 1 |a ионизирующая радиация 
610 1 |a влияние 
610 1 |a биохимия 
610 1 |a биофизика 
610 1 |a изменение 
610 1 |a роль 
675 |a 57(063)  |v 3 
675 |a 547(063)  |v 3 
702 1 |a Кузин  |b А. М.  |g Александр Михайлович  |4 340 
712 0 2 |a Академия наук СССР (АН СССР)  |2 stltpush  |3 (RuTPU)RU\TPU\col\722 
712 1 2 |a Нуклеиновые кислоты и биологическое действие ионизирующей радиации  |b материалы симпозиума  |e Москва  |f 1967 
801 1 |a RU  |b 63413507  |c 20111108 
801 2 |a RU  |b 63413507  |c 20111111  |g RCR 
942 |c BK